Detalles MARC
| 000 -CABECERA |
| campo de control de longitud fija |
01042nam a2200217 a 4500 |
| 001 - NÚMERO DE CONTROL |
| campo de control |
000047758 |
| 005 - FECHA Y HORA DE LA ÚLTIMA TRANSACCIÓN |
| campo de control |
20201002060723.0 |
| 008 - DATOS DE LONGITUD FIJA--INFORMACIÓN GENERAL |
| campo de control de longitud fija |
180417s2018 dr abc 000 0 spa d |
| 020 ## - NÚMERO INTERNACIONAL ESTÁNDAR DEL LIBRO |
| Número Internacional Estándar del Libro |
97899455375 |
| 040 ## - FUENTE DE LA CATALOGACIÓN |
| Centro catalogador/agencia de origen |
DO-SdBNP |
| Lengua de catalogación |
spa |
| Centro/agencia transcriptor |
BNPHU |
| 082 ## - NÚMERO DE LA CLASIFICACIÓN DECIMAL DEWEY |
| Número de clasificación |
xxxx |
| Número de documento/Ítem |
xxxx |
| 100 1# - ENTRADA PRINCIPAL--NOMBRE DE PERSONA |
| Nombre de persona |
Muñoz, Yocasta Milagros |
| 9 (RLIN) |
75359 |
| 245 10 - MENCIÓN DE TÍTULO |
| Título |
Ciencias sociales 5 : |
| Resto del título |
secundaria / |
| Mención de responsabilidad, etc. |
Yocasta Milagros Muñoz ; dirección Milagros del Pilar Rubio Muñoz. |
| 260 ## - PUBLICACIÓN, DISTRIBUCIÓN, ETC. |
| Lugar de publicación, distribución, etc. |
Santo Domingo : |
| Nombre del editor, distribuidor, etc. |
Susaeta, |
| Fecha de publicación, distribución, etc. |
2018. |
| 300 ## - DESCRIPCIÓN FÍSICA |
| Extensión |
247 p. : |
| Otras características físicas |
il., mapas retrs. ; |
| Dimensiones |
29 cm. |
| 500 ## - NOTA GENERAL |
| Nota general |
Enfoque por competencias nuevo currículo |
| 504 ## - NOTA DE BIBLIOGRAFÍA, ETC. |
| Nota de bibliografía, etc. |
Bibliografía : p. 247 |
| 505 0# - NOTA DE CONTENIDO CON FORMATO |
| Nota de contenido con formato |
Nuestra isla y sus aspectos físicos -- |
| Título |
Nuestros bosques, áreas protegidas y recursos naturales -- |
| -- |
Colonialismo español hasta la independencia Efimera -- |
| -- |
La formación del Estado nacional -- |
| -- |
Elsiglo XX: inestabilidad política, intervención, dictadura e identidad -- |
| -- |
Educación ciudadana. |
| 590 ## - NOTA LOCAL (RLIN) |
| Nota local |
Inventariado, 2018/LP |
| 700 1# - PUNTO DE ACCESO ADICIONAL--NOMBRE DE PERSONA |
| Nombre de persona |
Rubio Muñoz, Milagros del Pilar, |
| Término indicativo de función/relación |
dirección |
| 9 (RLIN) |
74969 |